000 00930nam a2200289 a 4500
001 000010331
003 DO-SdBNP
005 20250212082842.0
007 ta
008 091006s1989 dr 000 p spa d
040 _aDO-SdBNP
_bspa
_cBNPHU
082 4 _aRD861.44
_bG216a
_222
100 1 _aGarcía Cartagena, Manuel,
_eautor
_4aut.
_912067
245 1 0 _aAquiles Vargas :
_bfantasma /
_cManuel García Cartagena.
264 4 _aSanto Domingo :
_bEditora Taller,
_c©1989.
300 _a143 páginas ;
_c21 cm.
336 _atexto
_btxt
_2rdacontent
337 _asin mediación
_bn
_2rdamedia
338 _avolumen
_bnc
_2rdacarrier
490 _aColección Biblioteca Taller
_v271
500 _aIncluye datos biográficos del autor en la contracubierta.
586 _aPremio Siboney
590 _aInventariado, 2023/BT
650 4 _aLiteratura dominicana.
_967
650 4 _aLiteratura dominicana.
_967
942 _2ddc
_cLBS1
999 _c10090
_d10090